| 000 | 01820cam a2200277zu 4500 | ||
|---|---|---|---|
| 001 | 88916991 | ||
| 003 | FRCYB88916991 | ||
| 005 | 20251020123410.0 | ||
| 006 | m o d | ||
| 007 | cr un | ||
| 008 | 251020s2005 fr | o|||||0|0|||fre d | ||
| 020 | _a9782378902179 | ||
| 035 | _aFRCYB88916991 | ||
| 040 |
_aFR-PaCSA _bfr _c _erda |
||
| 100 | 1 | _aLhermie, Stéphane | |
| 245 | 0 | 1 |
_aComprendre l'évaluation professionnelle _bPour en finir avec la sanction et encourager l'expression individuelle _c['Lhermie, Stéphane'] |
| 264 | 1 |
_bGereso _c2005 |
|
| 300 | _a p. | ||
| 336 |
_btxt _2rdacontent |
||
| 337 |
_bc _2rdamdedia |
||
| 338 |
_bc _2rdacarrier |
||
| 650 | 0 | _a | |
| 700 | 0 | _aLhermie, Stéphane | |
| 856 | 4 | 0 |
_2Cyberlibris _uhttps://international.scholarvox.com/netsen/book/88916991 _qtext/html _a |
| 520 | _aSouvent vécus comme des rendez-vous imposés, les entretiens professionnels cristallisent parfois les insatisfactions liées aux relations de travail : manque de communication, de compréhension, de considération… Lors de cette rencontre, faire preuve d’ouverture et d’objectivité donne l’opportunité à chacun d’être reconnu, considéré et encouragé. Mais sommes-nous préparés aux enjeux de posture professionnelle, ou bien reproduisons-nous un modèle institutionnel construit sur le statut, l’image et la sanction ? L’auteur revient sur ces fondamentaux en proposant de renforcer la confiance dans l’évaluation et le management, pour développer le potentiel d’expression de l’individu. Les bonnes pratiques professionnelles existent, mais sont encore trop peu visibles. Il est pourtant possible d’évaluer et d’accompagner tout en développant de la performance. Car demain se construit autrement, et dès maintenant ! | ||
| 999 |
_c1554054 _d1554054 |
||